000 00336nam a2200157Ia 4500
100 _aCornell/ G./ Horenstmann.C
490 _v1
942 _cBK
654 _acore java 2
245 _aCore Java TM 2
260 _bPearson Education
_aNew york
_c2005
082 _a5.133
_bHOR
300 _a784
546 _aENGLISH
999 _c34482
_d34482